000 00972nam a22002537a 4500
005 20171017101144.0
008 130821s2013 ck gr spa
020 _a9789589177464
020 _a9789589177464 (2a.Ed.)
040 _aCo-BoUCM
_bspa
_cSandra Palacio (modificó)
_d[Nuevo]
041 0 0 _aspa
110 1 _aColombia
_bMinisterio de Cultura
_94038
245 1 0 _aPatrimonio cultural para todos
_cMinisterio de Cultura
_buna guía de fácil comprensión
260 _aBogotá (Colombia)
_bMinisterio de Cultura
_c2013
300 _a94 páginas
630 _aLey 1185 de 2008
_96476
650 1 7 _aCultura
_xAspectos jurídicos
_zColombia
_9150
650 2 7 _aDerecho social
_912830
650 2 7 _aLegislación social
_zColombia
_918345
650 2 7 _aPatrimonio cultural
_xAspectos jurídicos
_zColombia
_97901
650 2 7 _aPatrimonio cultural
_xLegislación
_zColombia
_97901
942 _cLIBRO
_a8
_e1
_mC718p
_2DEWEY
_h344.094
999 _c69482
_d69482